[Event "Bratislava Doprastav op"]
[Site "Bratislava"]
[Date "2019.04.21"]
[Round "6"]
[White "Pirvulescu, Adrian"]
[Black "Kasper, Miroslav"]
[Result "1-0"]
[WhiteElo "1871"]
[BlackElo "1524"]
[PlyCount "109"]
[EventDate "2019.04.18"]
[EventType "swiss"]
[EventRounds "7"]
[EventCountry "SVK"]
[SourceTitle "CBM 189 Extra"]
[Source "ChessBase"]
[SourceDate "2019.06.03"]
[SourceVersion "1"]
[SourceVersionDate "2019.06.03"]
[SourceQuality "1"]

1. e4 d5 2. exd5 Qxd5 3. Nc3 Qd8 4. d4 Nf6 5. Bf4 c6 6. Qd2 e6 7. a3 Bd6 8. Bg5 h6 9. Bh4 Be7 10. Bg3 Nbd7 11. 0-0-0 Nb6 12. Kb1 Nbd5 13. Bd3 Bd6 14. Nf3 Bxg3 15. hxg3 Qe7 16. Ne5 Bd7 17. Nxd5 Nxd5 18. Rhe1 0-0-0 19. f4 Nc7 20. c4 Be8 21. Qc3 Kb8 22. Be4 f6 23. Nf3 Qf7 24. Nd2 Na6 25. c5 Nc7 26. Nc4 Nb5 27. Qb4 Qc7 28. Ne3 a5 29. Qc4 e5 30. fxe5 fxe5 31. d5 Bf7 32. d6 Qd7 33. Qa4 Qe6 34. Bd5 Qg6+ 35. Be4 Qe6 36. Nd5 cxd5 37. Qxb5 dxe4 38. c6 Qa2+ 39. Kc1 Qc4+ 40. Qxc4 Bxc4 41. c7+ Kc8 42. cxd8Q+ Rxd8 43. Rxe4 b5 44. Rxe5 Rd7 45. Re8+ Kb7 46. Re7 Kc6 47. Rxd7 Kxd7 48. Rd2 a4 49. Kc2 Be6 50. Kc3 Bc4 51. Kb4 g6 52. Kc5 h5 53. Rf2 Ke6 54. Kc6 Bd5+ 55. Kc7 1-0

[Event "Bratislava Doprastav op"]
[Site "Bratislava"]
[Date "2019.04.20"]
[Round "5"]
[White "Kasper, Miroslav"]
[Black "Vora, Ananya"]
[Result "1/2-1/2"]
[WhiteElo "1524"]
[BlackElo "1705"]
[PlyCount "22"]
[EventDate "2019.04.18"]
[EventType "swiss"]
[EventRounds "7"]
[EventCountry "SVK"]
[SourceTitle "CBM 189 Extra"]
[Source "ChessBase"]
[SourceDate "2019.06.03"]
[SourceVersion "1"]
[SourceVersionDate "2019.06.03"]
[SourceQuality "1"]

1. c4 e6 2. Nc3 Nf6 3. Nf3 Be7 4. g3 0-0 5. Bg2 d5 6. cxd5 exd5 7. d4 Nc6 8. 0-0 Bf5 9. a3 Ne4 10. Qb3 Nxc3 11. Qxc3 Bf6 1/2-1/2

[Event "Bratislava Doprastav op"]
[Site "Bratislava"]
[Date "2019.04.19"]
[Round "3"]
[White "Kasper, Miroslav"]
[Black "Visvader, Rudolf"]
[Result "1-0"]
[WhiteElo "1524"]
[BlackElo "1292"]
[PlyCount "75"]
[EventDate "2019.04.18"]
[EventType "swiss"]
[EventRounds "7"]
[EventCountry "SVK"]
[SourceTitle "CBM 189 Extra"]
[Source "ChessBase"]
[SourceDate "2019.06.03"]
[SourceVersion "1"]
[SourceVersionDate "2019.06.03"]
[SourceQuality "1"]

1. c4 c5 2. Nc3 Nc6 3. Nf3 e6 4. g3 d5 5. cxd5 exd5 6. d4 Be6 7. Bg2 Nf6 8. Bg5 h6 9. Bf4 g5 10. Be3 Qb6 11. Qd2 c4 12. Ne5 Nd7 13. Nxc6 bxc6 14. 0-0 Be7 15. f4 f6 16. f5 Bf7 17. a3 Qc7 18. Na4 Nb6 19. Qa5 0-0 20. Nc5 Bd6 21. Rf2 Rfe8 22. Qc3 h5 23. Raf1 Re7 24. Ne6 Qd7 25. Qd2 Bxe6 26. fxe6 Rxe6 27. Rxf6 Rf8 28. Rxf8+ Bxf8 29. Bxg5 Rg6 30. Qf4 Bg7 31. e3 Kh7 32. Bf3 Bh6 33. Bxh6 Rxh6 34. Bd1 Qe8 35. Bc2+ Kg7 36. Qg5+ Kh8 37. Qxh6+ Kg8 38. Qh7# 1-0

[Event "SVK-chT2B 1819"]
[Site "Slovakia"]
[Date "2019.04.07"]
[Round "11.8"]
[White "Sevcik, Peter"]
[Black "Kasper, Miroslav"]
[Result "0-1"]
[WhiteElo "1612"]
[BlackElo "1524"]
[PlyCount "160"]
[EventDate "2018.10.13"]
[EventType "team-tourn"]
[EventRounds "11"]
[EventCountry "SVK"]
[SourceTitle "EXT 2020"]
[Source "ChessBase"]
[SourceDate "2019.10.17"]
[SourceVersion "1"]
[SourceVersionDate "2019.10.17"]
[SourceQuality "1"]
[WhiteTeam "Levice"]
[BlackTeam "Nove Zamky"]
[WhiteTeamCountry "SVK"]
[BlackTeamCountry "SVK"]

1. d4 c5 2. c3 cxd4 3. cxd4 Nf6 4. Nf3 g6 5. Bf4 d6 6. Nbd2 Bg7 7. e3 0-0 8. Bd3 b6 9. 0-0 Bb7 10. Rc1 Nbd7 11. Qe2 Rc8 12. Ba6 Bxa6 13. Qxa6 Rc7 14. e4 Nh5 15. Be3 Nb8 16. Qb5 Qc8 17. Nb3 Qb7 18. Rxc7 Qxc7 19. Rc1 Qb7 20. Qd3 Rc8 21. Rc2 Rxc2 22. Qxc2 Qc6 23. Qd3 Nf6 24. Nfd2 Nbd7 25. f3 Nf8 26. d5 Qb7 27. Bd4 N6d7 28. Bxg7 Kxg7 29. Nd4 e6 30. Nc6 e5 31. Nc4 Nc5 32. Qc3 Qc7 33. b4 Na4 34. Qe3 b5 35. Na3 a6 36. Nb1 Nb6 37. Nd2 Nfd7 38. Nb3 Nc4 39. Qa7 Qxa7+ 40. Nxa7 Ndb6 41. Nc6 Na8 42. Nba5 Nxa5 43. Nxa5 Kf8 44. Kf2 Ke7 45. Nc6+ Ke8 46. Kg3 Nc7 47. Kg4 h6 48. h4 f6 49. g3 Kf7 50. f4 h5+ 51. Kf3 Ke8 52. f5 gxf5 53. exf5 Nxd5 54. g4 hxg4+ 55. Kxg4 Ne3+ 56. Kf3 Nxf5 57. h5 Kd7 58. Na5 d5 59. Nb3 Ke7 60. Nc5 Kf7 61. Nxa6 Nd6 62. Nc5 d4 63. a4 bxa4 64. Nxa4 f5 65. Nc5 e4+ 66. Ke2 Kf6 67. Nd7+ Kg5 68. h6 Kxh6 69. Nf8 d3+ 70. Kd2 Nc4+ 71. Kd1 e3 72. Ne6 Nb2+ 73. Kc1 d2+ 74. Kxb2 d1Q 75. Nc5 Qd2+ 76. Kb3 e2 77. Ka4 Qa2+ 78. Kb5 e1Q 79. Na6 Qe5+ 80. Nc5 Qb8+ 0-1

[Event "SVK-chT2B 0809"]
[Site "Slovakia"]
[Date "2009.02.28"]
[Round "10.8"]
[White "Kasper, Miroslav"]
[Black "Pinterova, Karolina"]
[Result "0-1"]
[WhiteElo "1549"]
[BlackElo "2042"]
[PlyCount "72"]
[EventDate "2008.10.11"]
[EventType "team-tourn"]
[EventRounds "11"]
[EventCountry "SVK"]
[SourceTitle "EXT 2010"]
[Source "ChessBase"]
[SourceDate "2010.11.25"]
[SourceVersion "1"]
[SourceVersionDate "2010.11.25"]
[SourceQuality "1"]
[WhiteTeam "Nove Zamky Basta II"]
[BlackTeam "Topolcianky SK"]
[WhiteTeamCountry "SVK"]
[BlackTeamCountry "SVK"]

1. d4 d5 2. Bf4 Nf6 3. e3 c6 4. Nd2 Bg4 5. f3 Bh5 6. c4 e6 7. a3 Nbd7 8. c5 Be7 9. Qa4 0-0 10. Nh3 Bg6 11. g4 Ne8 12. Kf2 e5 13. Bg3 f5 14. gxf5 Bxf5 15. Nb3 Be4 16. Be2 Bxf3 17. Bxf3 e4 18. Ng1 exf3 19. Nxf3 Nef6 20. Kg2 Ne4 21. Na5 Qc8 22. Qb4 b6 23. Nb3 bxc5 24. dxc5 Ndf6 25. Ne5 Ng4 26. Nxg4 Qxg4 27. Rhf1 Qe2+ 28. Kg1 Qxe3+ 29. Kg2 Rxf1 30. Rxf1 Rf8 31. Rxf8+ Bxf8 32. Na5 Qe2+ 33. Kh3 Qf1+ 34. Kh4 Be7+ 35. Kg4 h5+ 36. Kxh5 Qf5# 0-1